Flags of the 2006 FIFA World Cup - Statistics

General Stats
  • This quiz has been taken 29 times
  • The average score is 30 of 32
Answer Stats
Picture Answer % Correct
Argentina
100%
Australia
100%
Brazil
100%
France
100%
Germany
100%
Iran
100%
Japan
100%
Mexico
100%
Saudi Arabia
100%
South Korea
100%
Sweden
100%
Switzerland
100%
United States
100%
Costa Rica
95%
Croatia
95%
Czechia
95%
Ecuador
95%
England
95%
Ghana
95%
Italy
95%
Ivory Coast
95%
Netherlands
95%
Paraguay
95%
Poland
95%
Portugal
95%
Spain
95%
Tunisia
95%
Ukraine
95%
Trinidad and Tobago
90%
Angola
86%
Togo
76%
Serbia and Montenegro
67%
No matching quizzes found
Score Distribution
Percent of People with Each Score
Percentile by Number Answered
Your Score History
You have not taken this quiz